1992 1566 1888 1481 1343 1081 1761 1473 1724 1223 1632 1652 1790 1016 1209 1241 1935 1615 1332 1132 1072 1592 1911 1315 1343 1568 1596 1005 1622 1082 1343 1032 1132 1101 1743 1139 1448 1648 1796 1993 1502 1113 1780 1483 1141 1233 1890 1764 1913 1486 1098 1469 1357 1905 1079 1292 1458 1680 1525 1640 1729 1152 1139 1640 1780 1707 1752 1424 1293 1262 1227 1956 1961 1924 1799 1152 1436 1146 1220 1628 1913 1878 1511 1774 1631 1178 1591 1544 1769 1036 1030 1094 1494 1041 1027 1714 1003 1605 1894 BCNSPRNW ULIB Ver.6.0+V

เปลี่ยนเป็นภาษาไทย

Change to English
 แสดงรายละเอียดบรรณานุกรม
  กลับหน้าหลัก

Brief Record : Get Marc (ISO 2709) : E-mail record : QR code < ปิดหน้าต่าง
LEADER : 00000nam 2200000uu 4500
001    13399111989
003     ULIB
008    110714s2554||||th 000 0 tha d
020    6165020626
090    นว.^bช162รv 2554
100 0   ชมจันท์
245 00 ร้อยเล่ห์รัก/^cชมจันท์
250    พิมพ์ครั้งที่ 1
260    กรุงเทพฯ :^bSugar Beat,^c2554
300     407 หน้า
945    ^p250^l0^i030321
995     เกษร
999     ^aใช้งานได้ทุกระบบ
รายการนี้ยังไม่มีแท็ก
คุณยังไม่ได้ล็อกอิน คุณสามารถมีกิจกรรมร่วมกับเว็บไซต์ได้ แต่ต้องล็อกอินก่อน ::
  ล็อกอิน

รายการสื่อสารสนเทศ

ลำดับที่ ประเภท เลขเรียก/บาร์โค้ด สถานที่ สถานะ
1. นวนิยาย
นวนิยาย
นว. ช162รv 2554  
  Barcode: 030321
ห้องสมุดวิทยาเขตสวรรค์ประชารักษ์
►นวนิยาย
บนชั้น
  ขอยืม

รายการใกล้เคียง
    ผู้แต่ง [ชมจันท์]

BibComment


ยังไม่เคยถูกคอมเมนท์

คอมเมนท์ทรัพยากรรายการนี้
  คอมเมนท์: ร้อยเล่ห์รัก ชมจั..


 Copyright 2026. Bcnsprnw @Library